Microscopía del clinker del cemento pórtland /

Guardado en:
Autor Principal: Blanco de Anta, Josefa.
Otros Autores: Campetell, Eduardo.
Formato: Libro
Idioma:Spanish
Publicado: Bahía Blanca : Universidad Nacional del Sur. Departamento de ingeniería, 1975.
Etiquetas: Agregar Etiqueta
Sin Etiquetas, Sea el primero en etiquetar este registro!
LEADER 00578nam a22001575a 4500
001 EUN.um032921
003 AR-BaUNS
005 20050623122907.0
008 041125s1975####ag#a##########000#0#spa#d
245 1 0 |a Microscopía del clinker del cemento pórtland /  |c Josefa Blanco de Anta, Eduardo Campetell. 
260 |a Bahía Blanca :  |b Universidad Nacional del Sur. Departamento de ingeniería,  |c 1975. 
300 |a 31 h. :  |b ilus. ;  |c 28 cm. 
100 1 |a Blanco de Anta, Josefa. 
700 1 |a Campetell, Eduardo. 
082 0 4 |a 620.13 
859 |a Ar-BaUNS  |b BIB. CENTRAL - Sector C  |h 620.13  |i B598-1  |p 78523/977